[Event "Winter Chess Classic-B 2018"]
[Site "Saint Louis"]
[Date "2018.11.10"]
[Round "6"]
[White "Van Foreest, Lucas"]
[Black "Mikhalevski, Victor"]
[Result "0-1"]
[WhiteElo "2499"]
[BlackElo "2574"]
[Annotator "TA"]
[PlyCount "112"]
[EventDate "2018.11.05"]
[EventType "tourn"]
[EventCountry "USA"]
[SourceTitle "playchess.com"]
[Source "ChessBase"]
[SourceQuality "1"]

{[%evp 11,112,7,17,-13,7,3,17,6,23,25,10,0,12,10,7,-43,0,-73,-48,-56,-56,-56,-56,-58,-58,-55,-50,-52,-49,-66,-17,-27,-14,-22,-22,-26,-19,-18,0,0,0,0,0,0,0,0,0,-13,-11,-20,-3,-27,-35,-43,-34,-45,0,0,0,0,0,0,0,0,0,-2,0,0,0,-37,-41,-69,-13,-49,-55,-66,-74,-70,-48,-70,-57,-70,0,-66,-58,-74,-69,-74,-60,-68,-44,-202,-188,-1012,-950,-29974,-29975,-29974,-29976,-29976,-29977,-29977,-29975]} 1. c4 Nf6 2. Nf3 e6 3. Nc3 d5 4. d4 Nbd7 5. Bf4 Bb4 6. e3 c5 {LiveBook: 23 Games. D37: Queen's Gambit Declined: 5 Bf4} 7. dxc5 (7. a3 $5 {[%cal Ra3b4]} Bxc3+ 8. bxc3 $14) 7... Qa5 (7... Nxc5 8. Qc2 O-O 9. Be2 Nce4 10. O-O Bxc3 11. bxc3 dxc4 12. Bxc4 b6 13. Rad1 Qe7 14. Nd2 {½-½ (71) Nakamura,H (2793)-Kramnik,V (2811) Zuerich 2017}) 8. Be2 Bxc3+ {The position is equal.} 9. bxc3 Nxc5 $146 ({Predecessor:} 9... Qxc3+ 10. Nd2 Ne4 11. Rc1 Qa5 12. f3 e5 13. fxe4 exf4 14. O-O Qxc5 15. cxd5 Qxe3+ {½-½ (24) Knoll,H (2309)-Plachetka,J (2371) Austria 2016}) 10. O-O O-O 11. Bd6 Re8 $1 12. Qd4 b6 13. Ne5 Nfe4 (13... Ba6 $5 {[%cal Rf6e4]} 14. f3 Rac8 $15) 14. Nc6 (14. cxd5 $11 {was the only way to keep the balance.} Nxd6 15. dxe6) 14... Qa4 $36 {[%mdl 2048] Black has the initiative.} 15. Ne7+ Kh8 {[#] ...Ba6 is the strong threat.} 16. Nxc8 Raxc8 17. Bxc5 $1 bxc5 18. Qd3 $1 Qxc4 19. Qxc4 dxc4 20. Rfc1 Nd6 21. Rc2 Red8 22. Rd1 Nb5 23. Rxd8+ Rxd8 $11 {[%mdl 4096] Endgame KRB-KRN} 24. a4 Na3 25. Rb2 g6 26. Kf1 Kg7 27. Ke1 Rd7 28. f3 f5 29. Bf1 Kf6 30. Be2 h6 31. Bf1 g5 32. Be2 $1 h5 33. g3 h4 34. gxh4 gxh4 35. f4 Rg7 36. Kf2 Rd7 37. Ke1 e5 38. Rd2 Re7 39. Rd6+ Kg7 {Hoping for ...exf4.} 40. fxe5 Rxe5 41. Kf2 Nb1 (41... Nc2 $15 42. Bxc4 Nxe3) 42. Rd7+ Kf6 43. Bxc4 Nxc3 44. a5 Ne4+ 45. Kf3 Re7 46. Rd5 Re5 {Threatens to win with ...Rxd5.} 47. Rd7 Ng5+ 48. Kf2 $1 Re4 49. Bd3 Ra4 50. Rxa7 c4 {[%cal Bc5c4,Bc4c3,Bc3c2][%mdl 32]} 51. Be2 $2 ({White has to play} 51. Bb1 $15) 51... c3 52. a6 $2 (52. Rc7) 52... Ne4+ $19 53. Kf3 c2 {Black mates.} 54. Rc7 Nd2+ 55. Kf2 {[#]} Nc4 $1 {[%mdl 512]} 56. Rc6+ (56. Rxc4 Rxc4) 56... Kg5 {Precision: White = 49%, Black = 66%.} 0-1

[Event "Winter Chess Classic-B 2018"]
[Site "Saint Louis"]
[Date "2018.11.10"]
[Round "6"]
[White "Kevlishvili, Robby"]
[Black "Theodorou, Nikolas"]
[Result "1/2-1/2"]
[WhiteElo "2461"]
[BlackElo "2539"]
[Annotator "TA"]
[PlyCount "81"]
[EventDate "2018.11.05"]
[EventType "tourn"]
[EventCountry "USA"]
[SourceTitle "playchess.com"]
[Source "ChessBase"]
[SourceQuality "1"]

{[%evp 20,81,40,31,44,21,24,33,78,76,76,67,71,62,59,49,63,54,74,39,38,40,41,37,39,28,29,7,12,14,27,26,26,24,25,26,29,25,46,33,43,37,32,27,31,30,29,0,0,0,0,0,12,0,0,0,0,0,0,0,0,0,0,0]} 1. e4 e5 2. Nf3 Nc6 3. Bb5 Nf6 4. O-O Nxe4 5. Re1 Nd6 6. Nxe5 Be7 7. Bf1 Nf5 {C67: Spanische Partie (Berliner Verteidigung)} 8. Nf3 O-O 9. d4 d5 10. c3 Bd6 11. Nbd2 {[%cal Bb1d2,Bd2f1,Bf1e3,Be3g2,Bg2f4][%mdl 32] LiveBook: 7 Partien} Qf6 12. Bd3 h6 13. Nf1 {[#]} Nh4 $146 ({Vorgänger:} 13... Be6 14. Bd2 Rfe8 15. Qc2 {½-½ (70) Dominguez Perez,L (2732)-Sargissian,G (2702) Huaian 2016}) 14. Nxh4 Qxh4 15. g3 Qg4 16. Qxg4 (16. Qb3 {keeps more tension.} Ne7 17. Ne3 Qf3 18. Be2 Qe4 19. Bf1) 16... Bxg4 17. Ne3 Rfe8 18. Bd2 Be6 19. Ng2 Ne7 20. Bf4 Rad8 21. Bxd6 Rxd6 22. Nf4 Bd7 23. Re3 Kf8 24. Rae1 Ng8 25. Rxe8+ Bxe8 26. f3 Ne7 27. Kf2 a5 28. h4 Bd7 29. g4 g6 30. Kg3 b6 31. Bc2 c5 32. dxc5 bxc5 33. Nd3 c4 {Die Stellung ist ausgeglichen.} 34. Ne5 Be6 35. b3 cxb3 36. Bxb3 Rd8 37. Nd3 Rc8 38. Nf4 Bd7 39. Nxd5 ({Nur nicht} 39. Bxd5 $2 g5 $17) 39... Nxd5 40. Bxd5 Rxc3 41. Rd1 {Precision: Weiß = 61%, Schwarz = 74%.} 1/2-1/2

[Event "Winter Chess Classic-B 2018"]
[Site "Saint Louis"]
[Date "2018.11.11"]
[Round "7"]
[White "Gareyev, Timur"]
[Black "Van Foreest, Lucas"]
[Result "1/2-1/2"]
[WhiteElo "2584"]
[BlackElo "2499"]
[Annotator "TA"]
[PlyCount "115"]
[EventDate "2018.11.05"]
[EventType "tourn"]
[EventCountry "USA"]
[SourceTitle "playchess.com"]
[Source "ChessBase"]
[SourceQuality "1"]

{[%evp 20,115,43,29,37,0,0,0,0,0,0,0,0,0,12,9,38,0,57,33,42,18,17,10,20,0,0,0,0,0,9,8,10,4,7,0,3,0,5,0,49,54,70,69,62,80,85,58,83,73,124,124,139,131,131,131,131,131,235,167,164,164,170,169,168,168,107,102,106,8,8,8,11,8,8,8,8,8,8,8,8,0,0,0,0,0,0,0,0,0,0,0,0,0,0,0,0,0]} 1. d4 Nf6 2. c4 e6 3. Nc3 Bb4 4. Qc2 O-O 5. a3 Bxc3+ 6. Qxc3 d5 7. e3 {E36: Nimzo-Indian: Classical: 4...d5 5 a3} (7. Bg5 dxc4 8. Qxc4 b6 9. Rd1 Ba6 10. Qa4 h6 11. Bh4 Qe7 12. Nf3 Rd8 13. e3 Bxf1 14. Rxf1 c5 15. dxc5 Rxd1+ 16. Qxd1 bxc5 {1-0 (43) Mamedyarov,S (2801)-Caruana,F (2822) Saint Louis 2018}) 7... b6 8. Nf3 Ba6 9. b4 Bxc4 10. Bxc4 dxc4 11. Qxc4 {LiveBook: 4 Games} Qd5 12. Qxc7 Nc6 $146 ({Predecessor:} 12... Nbd7 13. Qc2 Rac8 14. Qe2 Ne4 15. O-O Nc3 16. Qb2 Qb5 17. Bd2 Ne2+ 18. Kh1 Qd3 19. Qb1 {½-½ (19) Grigore,G (2532)-Brunello,S (2488) Bratto 2010}) 13. O-O Ne4 14. Qf4 Rac8 15. Nd2 Nc3 16. Qf3 Ne7 17. Re1 Na4 18. Nf1 Nf5 ({Black should play} 18... Qxf3 $11 19. gxf3 Ng6) 19. Qd1 (19. e4 $5 {[%cal Re4d5]} Qxd4 20. Bg5 $14) 19... b5 20. Bd2 Nd6 21. f3 Rfd8 22. Qb1 Nc4 23. Re2 e5 24. dxe5 Nxe5 25. Ng3 Nc4 26. Be1 Qe5 27. f4 Qd5 28. Nf5 {aiming for Ne7+.} Qd7 29. h3 Nd6 (29... a6 {is more complex.} 30. e4 g6 31. Nh6+ Kg7 32. Ng4 h5) 30. Rd2 $36 {[%mdl 2048] Black is under pressure.} Qxf5 {[#]} 31. Rxd6 $1 {[%mdl 512]} Qxb1 (31... Rxd6 32. Qxf5) 32. Rxd8+ Rxd8 33. Rxb1 $14 {[%mdl 4096] Endgame KRB-KRN} f5 34. Rc1 Nb6 (34... g6 $142) 35. Rc5 $16 Rd5 36. Bc3 Rxc5 37. bxc5 {KB-KN} Nd5 38. Bd4 h5 (38... Kf7 $16 {might work better.} 39. g4 g6) 39. Kf2 Ne7 40. e4 {And now exf5 would win.} g6 41. g4 hxg4 42. hxg4 Kf7 43. exf5 gxf5 {[#]} 44. gxf5 ({Better is} 44. g5 $1 $16) 44... Nxf5 $11 {The position is equal.} 45. c6 Ke6 46. Bc5 {Hoping for Ke2.} ({Not} 46. Bxa7 Kd6 $18) 46... a5 $1 47. Ke2 {Kd3 is the strong threat.} Nd6 48. Bb6 Nc4 49. Bd8 Kd6 50. c7 Kd7 51. f5 Nd6 52. f6 Kc8 53. Kd3 Nf7 54. Kd4 Nxd8 55. cxd8=Q+ Kxd8 56. Kc5 b4 $1 {[%cal Rb4b3]} 57. axb4 axb4 58. Kxb4 {Precision: White = 61%, Black = 54%.} 1/2-1/2

[Event "Winter Chess Classic-B 2018"]
[Site "Saint Louis"]
[Date "2018.11.11"]
[Round "7"]
[White "Mikhalevski, Victor"]
[Black "Kevlishvili, Robby"]
[Result "1/2-1/2"]
[WhiteElo "2574"]
[BlackElo "2461"]
[Annotator "TA"]
[PlyCount "146"]
[EventDate "2018.11.05"]
[EventType "tourn"]
[EventCountry "USA"]
[SourceTitle "playchess.com"]
[Source "ChessBase"]
[SourceQuality "1"]

{[%evp 12,146,19,2,35,18,35,42,46,41,55,31,35,35,59,0,0,-15,10,-60,-1,-12,8,0,35,33,21,16,46,48,50,47,52,51,60,0,48,27,35,39,31,21,9,27,19,33,24,12,32,0,0,0,2,-18,-20,-25,-27,-20,-25,-59,-58,-103,-105,-123,-117,-106,-85,-75,-85,-97,-61,-141,-108,-118,-115,-141,-97,-83,-52,-75,-15,-15,-18,-15,0,0,0,0,0,0,0,0,0,0,0,-8,-8,-12,-12,-12,0,-8,-8,-19,0,-243,-8,-8,0,0,0,0,0,0,0,0,0,0,0,0,0,0,0,0,0,0,0,0,0,0,0,0,0,0,0,0,0]} 1. Nf3 d5 2. g3 g6 3. Bg2 Bg7 4. d4 Nf6 5. O-O c6 6. c4 dxc4 {D73: Fianchetto Grünfeld: 5 Nf3} (6... O-O 7. b3 Bf5 8. Bb2 Nbd7 9. cxd5 cxd5 10. Nc3 Qb6 11. Rc1 Rfc8 12. e3 Be4 13. Qe2 e6 14. Rfd1 a6 15. Bf1 Bxf3 16. Qxf3 Qd8 {½-½ (42) Wojtaszek,R (2737)-Grischuk,A (2785) Heraklio 2017}) 7. a4 {LiveBook: 99 Games} a5 8. Na3 Nbd7 $146 ({Predecessor:} 8... O-O 9. Nxc4 Be6 10. Qc2 Na6 11. Bd2 Nb4 12. Bxb4 axb4 13. Rfc1 Bd5 14. e3 {½-½ (70) Wallner,J (2332)-Koop,T (2396) Austria 2015}) 9. Nxc4 Nb6 10. b3 O-O 11. Bd2 Nxc4 12. bxc4 c5 13. e3 (13. Bf4 $14) 13... Ne4 $11 14. Be1 Qc7 15. d5 (15. Rc1 $11) 15... e6 (15... Bxa1 $15 16. Qxa1 Nd6) 16. Rc1 Rd8 17. Qc2 f5 18. Nd2 $1 Nd6 19. e4 e5 20. exf5 gxf5 21. Nb1 f4 22. Bc3 Rf8 23. Rfe1 ({Better is} 23. Nd2 $1 $14) 23... Bf5 24. Qb2 Nxc4 25. Qb3 Nd6 26. Bxe5 Bxe5 27. Rxe5 Rae8 28. Rxe8 Rxe8 29. Na3 b6 30. Nc4 Nxc4 31. Qxc4 Qd6 32. gxf4 Bg6 33. Rc3 Re1+ 34. Bf1 {Strongly threatening Rg3.} Re4 35. Qb5 Rxf4 36. Qc6 {[#]} Rf6 $1 37. Qxd6 Rxd6 $17 {[%mdl 4096] Endgame KRB-KRB} 38. Bc4 Bf7 39. Rd3 Be8 40. Bb3 {[#]} c4 $1 {[%mdl 512]} 41. Re3 ({White should play} 41. Bxc4 $15 Bxa4 42. Kf1) 41... Kf8 42. Bxc4 Bxa4 43. Kg2 Be8 44. Rb3 Rf6 45. Kg3 Ba4 (45... a4 $17 46. Rb1 Ke7) 46. Rb1 $1 $11 Ke7 47. f4 Bc2 48. Rb2 Bf5 49. Kf3 Kd8 50. Ke3 Kc7 51. Bb5 Rf7 52. Kd4 Bg6 53. Rf2 Kd6 54. Be8 Rf5 55. Bxg6 $1 Rxd5+ 56. Ke4 hxg6 {KR-KR} 57. Rg2 Kc5 58. Rxg6 $2 {[#]} (58. Rc2+ $1 $11 Kd6 59. Rg2) 58... Rd2 $2 (58... Rd8 $1 $19 {Black wants to play ...a4.} 59. f5 a4) 59. f5 {The position is equal.} Rxh2 {Hoping for ...a4.} 60. f6 $1 Rf2 61. Rg5+ Kc4 62. Rg4 Rxf6 63. Ke5+ Kb3 64. Kxf6 {KR-KPP} a4 65. Rg3+ Kb2 66. Rg2+ Kb3 67. Rg3+ Kb2 68. Rg5 a3 69. Rb5+ Kc2 {And now ...a2 would win.} 70. Rxb6 a2 71. Ra6 Kb2 72. Ke5 a1=Q 73. Rxa1 Kxa1 {Precision: White = 65%, Black = 46%.} 1/2-1/2

[Event "Winter Chess Classic-B 2018"]
[Site "Saint Louis"]
[Date "2018.11.11"]
[Round "7"]
[White "Ali Marandi, Cemil Can"]
[Black "Hakobyan, Aram"]
[Result "1/2-1/2"]
[WhiteElo "2552"]
[BlackElo "2565"]
[Annotator "TA"]
[PlyCount "44"]
[EventDate "2018.11.05"]
[EventType "tourn"]
[EventCountry "USA"]
[SourceTitle "playchess.com"]
[Source "ChessBase"]
[SourceQuality "1"]

{[%evp 9,44,-21,31,20,32,42,44,33,28,25,27,22,75,54,100,0,0,0,0,0,0,0,0,0,0,0,0,0,0,0,0,0,0,0,0,0,0]} 1. d4 Nf6 2. Bg5 d5 3. Nf3 Ne4 4. Bf4 f6 (4... c5 5. e3 Nc6 6. Nbd2 Nxd2 7. Qxd2 cxd4 8. exd4 e6 9. c3 Be7 10. Bd3 O-O 11. h4 a6 12. g4 b5 13. g5 b4 {0-1 (43) Mamedyarov,S (2801)-Giri,A (2782) chess.com INT 2018}) 5. h3 e5 $146 (5... c5 $11) ({Predecessor:} 5... Nc6 6. e3 g5 7. Bh2 h5 8. Nfd2 Nxd2 9. Qxd2 Bf5 10. Bd3 Qd7 11. a3 O-O-O 12. Nc3 {0-1 (31) Svaljek,R (1967)-Raguz,I (1812) Mali Losinj 2017}) 6. dxe5 $14 {D03: 1 d4 d5 2 Nf3 Nf6 3 Bg5, including Torre Attack with early ...d5} fxe5 7. Bxe5 Nc6 8. e3 {White is slightly better.} Nxe5 9. Nxe5 {Strongly threatening Qh5+.} Qh4 {[%csl Ge4][%cal Rh4f2]} 10. Qxd5 Qxf2+ 11. Kd1 Nd6 {[#]} 12. Bb5+ (12. Nc3 $1 $16) 12... Nxb5 $11 {The position is equal.} 13. Qxb5+ c6 {[#]} 14. Nxc6 $1 {[%mdl 512]} Qxg2 (14... bxc6 15. Qxc6+) 15. Ne5+ Ke7 $1 16. Rf1 {Rf7+ would kill now.} Bxh3 17. Rf7+ Ke6 {Threatens to win with ...Rd8+.} 18. Qd7+ Kxe5 19. Qd4+ Ke6 20. Qd7+ Ke5 21. Qd4+ Ke6 22. Qd7+ Ke5 {Precision: White = 86%, Black = 79%.} 1/2-1/2

[Event "Winter Chess Classic-B 2018"]
[Site "Saint Louis"]
[Date "2018.11.11"]
[Round "7"]
[White "Theodorou, Nikolas"]
[Black "Andriasian, Zaven"]
[Result "0-1"]
[WhiteElo "2539"]
[BlackElo "2603"]
[Annotator "TA"]
[PlyCount "86"]
[EventDate "2018.11.05"]
[EventType "tourn"]
[EventCountry "USA"]
[SourceTitle "playchess.com"]
[Source "ChessBase"]
[SourceQuality "1"]

{[%evp 19,86,38,40,9,42,41,30,38,41,29,37,29,41,38,35,29,40,34,31,14,46,0,31,0,45,0,44,0,0,-18,0,-45,0,-7,18,15,59,33,12,-38,-34,-58,-46,-67,-54,-77,-59,-78,-88,-95,-103,-193,-175,-136,-22,-377,-378,-518,-495,-1043,-991,-2088,-962,-29993,-29993,-29993,-29994,-29996,-33]} 1. e4 c6 2. d4 d5 3. exd5 cxd5 4. Bd3 Nc6 5. c3 Nf6 6. Bf4 g6 7. Nf3 Bg7 8. O-O O-O 9. Nbd2 Bg4 10. h3 {B13: Caro-Kann: Exchange Variation and Panov-Botvinnik Attack} Bxf3 {LiveBook: 10 Games} 11. Qxf3 (11. Nxf3 e6 12. Qe2 Re8 13. Rfe1 a6 14. a4 Nd7 15. Bg5 Bf6 16. Bh6 Bg7 17. Qd2 Bxh6 18. Qxh6 Qf6 19. Re3 e5 20. dxe5 Ndxe5 21. Nxe5 Rxe5 22. Rxe5 Qxe5 {1-0 (56) Bacrot,E (2692)-Gelfand,B (2731) Ashdod 2015}) 11... a6 12. Rfe1 {White is slightly better.} Re8 13. Nb3 $146 ({Predecessor:} 13. g4 Qd7 14. Qg3 Nd8 15. Nf3 Ne6 {1-0 (59) Kalnins,K (2269)-Gumpo,T (2015) Kazan 2013}) 13... e6 14. Rad1 Nd7 15. Qg3 Rc8 16. h4 h5 17. Bg5 Qc7 18. Qf3 Qd6 19. Bf4 Qe7 (19... e5 $5 {[%cal Re5f4]} 20. Bg3 Nb6 $11) 20. Bg5 Qd6 21. Bf4 Qe7 22. Qg3 Qd8 23. Nd2 Qb6 24. Rb1 e5 25. Qh3 Rcd8 26. Nb3 e4 27. Be2 Nf8 28. Be3 Ne7 29. g4 hxg4 30. Bxg4 f5 $1 {[%cal Rf5g4]} 31. Be2 Ne6 32. Nc5 {[#]} Nxc5 $1 33. dxc5 Qc7 34. h5 f4 35. hxg6 (35. Bd2 $17) 35... Nxg6 $19 ({Worse is} 35... fxe3 36. Qe6+ Kh8 37. Qh3+ Kg8 38. Qe6+ Kh8 39. Qh3+ Kg8 $11) 36. Bh5 {[#]} Re5 ({Reject} 36... fxe3 $6 37. Bxg6 exf2+ 38. Kxf2 $11) (36... Qc6 $1 $17 37. Bd4 Bxd4 38. cxd4 Kg7) 37. Bxg6 $4 {[%mdl 8192]} (37. Bd4 $11 {and White stays safe.} Rg5+ 38. Kh1 Bxd4 39. Rg1) 37... Rg5+ {[%cal Be5g5,Bg5g6,Bg6h6][%mdl 32]} 38. Kf1 Rxg6 39. Bd4 (39. Qf5 $142 Rf6 40. Bxf4 Qxf4 41. Qxf4 Rxf4 42. Rbd1) 39... Bxd4 40. cxd4 f3 (40... Qg7 $142 41. Rbd1 f3 42. Qh2 Rh6 43. Re2 Rxh2 44. Ke1 Rh1+ 45. Kd2 Qxd4+ 46. Kc2 Qc4+ 47. Kd2 Qd3+ 48. Kc1 Rxd1#) 41. Rec1 Qg7 {[%csl Gg7][%cal Rg6g1] Black mates.} 42. Qh2 Rh6 43. Qg1 Qxg1+ {Precision: White = 27%, Black = 62%.} 0-1

[Event "Winter Chess Classic-B 2018"]
[Site "Saint Louis"]
[Date "2018.11.11"]
[Round "7"]
[White "Perelshteyn, Eugene"]
[Black "Benjamin, Joel"]
[Result "1/2-1/2"]
[WhiteElo "2493"]
[BlackElo "2526"]
[Annotator "TA"]
[PlyCount "99"]
[EventDate "2018.11.05"]
[EventType "tourn"]
[EventCountry "USA"]
[SourceTitle "playchess.com"]
[Source "ChessBase"]
[SourceQuality "1"]

{[%evp 18,99,64,76,86,87,83,52,52,54,129,129,150,155,154,134,156,166,119,0,0,0,0,0,0,0,0,0,6,0,0,0,0,0,0,0,0,0,0,0,0,0,0,0,0,-8,-2,-7,-7,-14,-19,-2,-22,-16,0,0,0,-8,0,0,0,-8,0,0,0,0,0,0,13,13,14,14,25,25,31,31,49,13,13,0,41,0,7,0]} 1. d4 Nf6 2. c4 e6 3. Nf3 b6 4. Nc3 Bb7 5. a3 g6 6. Qc2 Bxf3 7. exf3 Nc6 {E12: Queen's Indian: Unusual White 4th moves, 4 a3, 4 Nc3 Bb7 5 a3 and 4 Nc3 Bb7} 8. Be3 Bg7 9. d5 (9. O-O-O O-O 10. g4 d5 11. Kb1 Na5 12. cxd5 Nxd5 13. h4 Nxc3+ 14. Qxc3 c5 15. Qd3 cxd4 16. Bxd4 Bxd4 17. Qxd4 Qxd4 18. Rxd4 {0-1 (39) Grachev,B (2693)-Shirov,A (2709) Jurmala 2013}) 9... Ne7 10. O-O-O {LiveBook: 3 Games} O-O $146 ({Predecessor:} 10... Nf5 11. dxe6 fxe6 12. Bg5 c5 13. Nb5 a6 14. Nd6+ Nxd6 15. Rxd6 {½-½ (40) Saravana,K (2345)-Karthikeyan,P (2502) Mumbai 2017}) 11. dxe6 fxe6 12. g4 c6 $1 13. h4 d5 (13... b5 $1 $14) 14. h5 $16 Qe8 15. hxg6 hxg6 16. Kb1 Qf7 17. cxd5 Nfxd5 18. Bd3 ({White should play} 18. Ne4 $16) 18... Nxc3+ $11 19. bxc3 Rad8 20. Be4 Rxd1+ 21. Rxd1 {[#] Hoping for Rd7.} Nd5 22. Bd2 Qf6 23. Ka2 b5 24. Bxg6 Qxf3 25. Bh7+ Kh8 26. Be4 Qxg4 27. Rh1+ Kg8 28. Bh7+ Kf7 29. Rh4 $1 {[%cal Rh4g4]} Qg2 30. Rh2 $1 {[%cal Rh2g2]} Qg4 (30... Qxh2 $2 {is the wrong capture.} 31. Qg6+ Ke7 32. Qxg7+ Rf7 33. Bg5+ Kd6 34. Qxf7 $18) 31. Rh4 Qxh4 32. Qg6+ Ke7 33. Bg5+ {[#]} Qxg5 $1 34. Qxg5+ Bf6 35. Qg3 Bxc3 {aiming for ...Be1.} 36. Be4 {Threatens to win with Bxd5.} Bd4 37. f3 Kd7 {And now ...Nc3+ would win.} 38. Bxd5 cxd5 {[%mdl 4096] Endgame KQ-KRB} 39. Qg4 Be5 40. Qb4 Rb8 41. Qa5 Rb7 42. Qa6 Rc7 43. Qxb5+ Ke7 {Strongly threatening ...Rc2+.} 44. Qb4+ Kf7 {...Rc2+ is the strong threat.} 45. Qh4 Rc2+ 46. Kb1 {[%mdl 1024] White has compensation.} Rc7 47. Qh5+ Kf6 48. Qh4+ Kf7 49. Qh5+ Kf6 50. Qh4+ {Precision: White = 74%, Black = 67%.} 1/2-1/2

[Event "Winter Chess Classic-B 2018"]
[Site "Saint Louis"]
[Date "2018.11.12"]
[Round "8"]
[White "Andriasian, Zaven"]
[Black "Mikhalevski, Victor"]
[Result "1/2-1/2"]
[WhiteElo "2603"]
[BlackElo "2574"]
[Annotator "TA"]
[PlyCount "187"]
[EventDate "2018.11.05"]
[EventType "tourn"]
[EventCountry "USA"]
[SourceTitle "playchess.com"]
[Source "ChessBase"]
[SourceQuality "1"]

{[%evp 18,187,0,0,0,0,7,-9,-21,-17,-14,-23,-16,-24,-24,-24,-18,-25,-27,-40,-37,-48,-37,-37,-37,-70,-71,-73,-70,-70,-70,-70,-70,-70,-70,-82,-82,-82,-87,-93,-70,-70,-70,-70,-70,-70,0,-63,-63,-70,-54,-70,-60,-76,-70,-70,-47,-61,-44,-123,-68,-68,-76,-123,-123,-123,-123,-123,-73,-123,-123,-123,-123,-123,-123,-123,-123,-123,-123,-123,-123,-123,-123,-123,-123,-123,-123,-123,-123,-123,-37,-37,-37,-123,-51,-123,-123,-123,-123,-123,-123,-123,-123,-123,-123,-123,-123,-123,-123,-123,-123,-123,0,-123,0,-123,-123,-123,-123,-123,-62,-123,-123,-123,-123,-123,-123,-123,-123,-123,-123,-123,-123,-123,-123,-123,-123,-123,-123,-123,-123,-123,-123,-123,-123,-123,-123,-123,0,-123,-123,-123,0,-123,0,-123,0,0,0,0,0,0,0,0,0,0,0,0,0,0,0,0]} 1. e4 c5 2. Nf3 d6 3. Nc3 Nf6 4. d4 cxd4 5. Nxd4 g6 6. Bc4 Bg7 7. O-O O-O 8. h3 Nc6 9. Be3 Nxe4 10. Nxe4 {LiveBook: 22 Games. B72: Sicilian Dragon: 6 Be3, lines with h3+Bc4 and sidelines} Bxd4 $146 ({Predecessor:} 10... d5 11. Nxc6 bxc6 12. Bd3 dxe4 13. Bxe4 Qc7 14. c3 Rb8 15. Qc2 Be6 16. Rfd1 Rfd8 17. Rxd8+ Rxd8 18. Qa4 Qb7 19. Rb1 Bd5 20. Bxd5 Rxd5 {½-½ (48) Volchok,A (2602)-Veinger,I (2597) Argentina 1996}) 11. Bxd4 {Strongly threatening Bc3.} d5 12. Nf6+ exf6 13. Bb3 Be6 14. Qd2 Kg7 15. Be3 Re8 16. Rad1 {[%cal Rb3d5] [#]} d4 $1 {[%mdl 512]} 17. Bxd4 Bxb3 18. axb3 Nxd4 19. Qxd4 Qxd4 20. Rxd4 $11 {[%mdl 4096] Endgame KRR-KRR} Re2 21. Rc4 Rd8 22. Rc7 b6 23. b4 Rdd2 24. c3 Rxb2 25. Rxa7 Rec2 26. Rb7 Rxc3 27. Rxb6 f5 28. Rb7 Rcc2 29. g3 h5 30. Kg2 Rc4 31. Rd1 Rcc2 32. Rf1 Re2 33. Kf3 Red2 34. Kg2 Rdc2 35. Kf3 Rc3+ 36. Kg2 {[#]} f4 $1 {[%mdl 512]} 37. gxf4 h4 38. Re7 (38. Re1 $1 $15) 38... Rg3+ ({Better is} 38... Rc4 $17 39. f5 g5) 39. Kh2 $15 Rf3 40. Kg2 Rxf4 41. Re3 f5 42. b5 Rc4 43. b6 Kh6 44. b7 Rxb7 45. Rfe1 Kg5 46. Re6 Rb2 47. R1e2 Rxe2 48. Rxe2 $17 {KR-KR} Rc3 49. Re8 Kf6 50. Rh8 {[#]} Rc4 $1 51. Rh7 Rf4 52. Ra7 Re4 53. Ra8 Kf7 (53... g5 $17 54. Kf3 Rf4+ 55. Ke3 Rc4 56. Rf8+ Ke6) 54. Ra7+ $1 $15 Re7 55. Ra8 (55. Ra4 $1 $15) 55... Re8 (55... Rd7 $17 56. Ra2 g5) 56. Ra7+ (56. Ra4 $1 $15) 56... Kf6 $17 57. Ra6+ Kg5 58. Rb6 Ra8 59. Rb7 Kh6 60. Rf7 Rb8 61. Kf3 Rb5 62. Kg2 Rb3 63. Kh2 Kg5 64. Kg2 Kh6 65. Kh2 $1 Rb5 66. Kg2 Ra5 67. Kh2 g5 68. Rf6+ Kh5 (68... Kg7 $17 69. Rc6 Ra3) 69. f3 (69. Kg2 $15) 69... f4 70. Kg2 Ra2+ 71. Kg1 Rb2 72. Re6 Rc2 73. Rf6 Rd2 74. Re6 Rb2 75. Rf6 Re2 76. Rd6 Re8 77. Kf2 Re7 78. Rc6 Ra7 79. Re6 Ra2+ 80. Kg1 Ra8 81. Kf2 Rg8 82. Ke2 Rg7 ({Black should try} 82... Rd8 $17 83. Re5 Rc8) 83. Rd6 (83. Kd3 $1 $11 {was the only way to keep the balance.}) 83... Ra7 84. Kf2 Ra8 85. Re6 $1 Rg8 86. Ke2 $1 Rg6 (86... Rd8 $17 87. Rc6 Rd5) 87. Rxg6 $1 $11 {The position is equal.} Kxg6 {K3P-KPP} 88. Kd3 Kf7 89. Kd4 Ke7 90. Ke4 $1 {[%cal Re4f5] Kf5 is the strong threat.} Kf6 91. Kd4 Kf5 92. Kd5 Kf6 {( -> ...g4!)} (92... Kg6 $5 {[%cal Rg5g4]} 93. Ke4 Kf6 $11) 93. Kd4 Ke6 94. Ke4 {Precision: White = 66%, Black = 62%.} 1/2-1/2